000 00455nam a2200157Ia 4500
999 _c19501
_d19501
003 OSt
005 20200703110633.0
008 190216s9999||||xx |||||||||||||| ||und||
040 _coclc
082 _a942.07
_bHAN/S
100 _aHanoverians
_93497
245 0 _aStudies In British History /
_cHanoverians
260 _bBook Hive Publishing,
_c1957.
_aNew Delhi:
300 _a234p
942 _cBK
_2ddc
_h942.07
_iHAN/S
_k942.07
_mHAN/S